LEADER 01804oam 2200445Ia 450 001 9910698903703321 005 20091119133112.0 035 $a(CKB)5470000002398844 035 $a(OCoLC)422780585 035 $a(EXLCZ)995470000002398844 100 $a20090707d2009 ua 0 101 0 $aeng 135 $aurmn||||||||| 181 $ctxt$2rdacontent 182 $cc$2rdamedia 183 $acr$2rdacarrier 200 00$aEpitaxial thin film silicon solar cells fabricated by hot wire chemical vapor deposition below 750°C$b[electronic resource] $epreprint /$fK. Alberi ... [and others] 210 1$aGolden, CO :$cNational Renewable Energy Laboratory,$d2009. 215 $a1 online resource (3 pages) 225 1 $aConference paper ;$vNREL/CP-520-45965 300 $aTitle from title screen (viewed July 7, 2009). 300 $a"June 2009." 300 $a"To be presented at the 34th IEEE Photovoltaic Specialists Conference, Philadelphia, Pennsylvania, June 7-12, 2009." 320 $aIncludes bibliographical references (page 3). 517 $aEpitaxial thin film silicon solar cells fabricated by hot wire chemical vapor deposition below 750°C 606 $aPhotovoltaic cells$xResearch 606 $aSolar cells$xDesign and construction 606 $aChemical vapor deposition 615 0$aPhotovoltaic cells$xResearch. 615 0$aSolar cells$xDesign and construction. 615 0$aChemical vapor deposition. 701 $aAlberi$b K$g(Kirstin)$01398817 712 02$aNational Renewable Energy Laboratory (U.S.) 801 0$bSOE 801 1$bSOE 801 2$bGPO 906 $aBOOK 912 $a9910698903703321 996 $aEpitaxial thin film silicon solar cells fabricated by hot wire chemical vapor deposition below 750°C$93548656 997 $aUNINA LEADER 01177cam0 22002773 450 001 SOB019164 005 20240424104029.0 010 $a8814091609 100 $a20040211d2002 |||||ita|0103 ba 101 $aita 102 $aIT 200 1 $aAdozione di maggiorenni e minori$eArtt. 291-314. L. 4 maggio 1983, n. 184. Diritto del minore a una famiglia$fMassimo Dogliotti 210 $aMilano$cGiuffrè$d2002 215 $aXXII,966 p.$d24 cm 225 2 $aCodice civile. Commentario$ffondato e già diretto da Piero Schlesinger$vcontinuato da Francesco Donato Busnelli 410 1$1001LAEC00022313$12001 $aIl *Codice civile. Commentario / fondato e già diretto da Piero Schlesinger ; continuato da Francesco Donato Busnelli 700 1$aDogliotti$b, Massimo$3AF00009048$4070$0117577 801 0$aIT$bUNISOB$c20240424$gRICA 850 $aUNISOB 852 $aUNISOB$j340|Coll|39|K$m112940 912 $aSOB019164 940 $aM 102 Monografia moderna SBN 941 $aM 957 $a340|Coll|39|K$b000060$gSI$d112940$rACQUISTO$1Alfano$2UNISOB$3UNISOB$420240424103954.0$520240424104009.0$6Alfano 996 $aAdozione di maggiorenni e minori$968721 997 $aUNISOB